| LEADER |
00772nam0a2200217 450 |
| 001 |
16845852 |
| 010 |
|
|
|a 979-10-411-0335-5
|b rel.
|d 11,9
|
| 100 |
|
|
|a 20241009d2024 u u0frey01 ba
|
| 101 |
0 |
|
|a fre
|
| 102 |
|
|
|a FR
|
| 200 |
0 |
|
|a Ca déménage !
|f dessins & couleurs, William
|g scénario, Cazenove & William
|
| 207 |
|
1 |
|a
|
| 210 |
|
|
|a Charnay-lès-Mâcon
|c Bamboo édition
|d 2024
|
| 215 |
|
|
|a 1 vol. (46 p.)
|c ill. en coul.
|d 30 cm
|
| 225 |
1 |
|
|a Les sisters
|v 19
|
| 461 |
|
0 |
|t Les sisters
|v 19
|
| 700 |
|
0 |
|a Maury
|b William
|f 1969-....
|4 70
|
| 701 |
|
0 |
|a Cazenove
|b Christophe
|c Auteur du texte
|f 1969-....
|4 70
|
| 900 |
|
|
|a Bande Dessinée enfant ado
|
| 901 |
|
|
|a Accessible au prêt
|
| 995 |
|
|
|a Bibliothèque
|c Bibliothèque
|f 024025041
|h 024025041
|k BD CAZ
|o p
|q j
|r az
|e Bibliothèque
|